000 00409nam a2200181Ia 4500
005 20250603145438.0
008 250603s9999 xx 000 0 und d
020 _a978-249161-6
050 _aDT 515 .838 .O23/
100 _aObasanjo, Olusegun
245 0 _aNot my will
260 _aIbadan
260 _b University Press Ltd
260 _c1990
300 _a262 p
650 _aIbadan
942 _cBK
999 _c41882
_d41882